DISTRICTS IN LIMA (Excluding Callao) - Statistics

General Stats
  • This quiz has been taken 143 times
  • The average score is 34 of 43
Answer Stats
Hint Answer % Correct
District of: Ate
97%
District of: Barranco
97%
District of: MIraflores
97%
District of: Santiago de Surco
97%
District of: San Isidro
94%
District of: San Miguel
94%
District of: San Juan de Lurigancho
91%
District of: San Juan de Miraflores
91%
District of: Cercado de Lima
88%
District of: Lurigancho-Chosica
88%
District of: Surquillo
88%
District of: Carabayllo
85%
District of: Los Olivos
85%
District of: Lurín
85%
District of: Magdalena del Mar
85%
District of: San Borja
85%
District of: La Molina
82%
District of: Lince
82%
District of: Chorrillos
79%
District of: Comas
79%
District of: Pachacamac
79%
District of: Puente Piedra
79%
District of: Santa Anita
79%
District of: Villa el Salvador
79%
District of: Villa María del Triunfo
79%
District of: Ancón
76%
District of: Punta Hermosa
76%
District of: Santa Rosa
76%
District of: Breña
74%
District of: Jesús María
74%
District of: La Victoria
74%
District of: Chaclacayo
71%
District of: Punta Negra
71%
District of: Rimac
71%
District of: Cieneguilla
68%
District of: Pucusana
68%
District of: Pueblo Libre
68%
District of: San Martín de Porres
68%
District of: Independencia
65%
District of: San Bartolo
65%
District of: San Luis
62%
District of: Santa María del Mar
62%
District of: El Agustino
59%
No matching quizzes found
Score Distribution
Percent of People with Each Score
Percentile by Number Answered
Your Score History
You have not taken this quiz